000 00624nam a22001937a 4500
005 20131220115926.0
010 _aENG-108879
020 _c300.00
_a9788122506921
035 _aEN-92412
037 _bDBAD/PUB
082 _a371.102
100 _aSrivastava, Anjana
245 _aAttitude and job satisfaction of teachers /
_cby Anjana Srivastava
260 _aNew Delhi
_bKitab Mahal
_c2013
270 _a8, Hari Sadan, Ground Floor, 20, Ansari Road Daryaganj
_bNew Delhi
_e110002
300 _axiii,127p.
_c22cm(Hb)
500 _aIncludes bibliogarphical references
942 _2ddc
_cEN
_mSRI
_h371.102
999 _c81265
_d81265